<?xml version="1.0" encoding="UTF-8"?>
<collection xmlns="http://www.loc.gov/MARC21/slim">
<record>
  <controlfield tag="001">165928</controlfield>
  <controlfield tag="005">20260116002211.0</controlfield>
  <datafield tag="024" ind1="7" ind2=" ">
    <subfield code="2">doi</subfield>
    <subfield code="a">10.18566/infpsic.v23n1a09</subfield>
  </datafield>
  <datafield tag="024" ind1="8" ind2=" ">
    <subfield code="2">sideral</subfield>
    <subfield code="a">146244</subfield>
  </datafield>
  <datafield tag="037" ind1=" " ind2=" ">
    <subfield code="a">ART-2023-146244</subfield>
  </datafield>
  <datafield tag="041" ind1=" " ind2=" ">
    <subfield code="a">spa</subfield>
  </datafield>
  <datafield tag="100" ind1=" " ind2=" ">
    <subfield code="a">Arrigoni, Flavia</subfield>
    <subfield code="0">(orcid)0000-0001-5664-6167</subfield>
  </datafield>
  <datafield tag="245" ind1=" " ind2=" ">
    <subfield code="a">Rugby inclusivo. Experiencia de Los Dinos (Argentina)</subfield>
  </datafield>
  <datafield tag="260" ind1=" " ind2=" ">
    <subfield code="c">2023</subfield>
  </datafield>
  <datafield tag="520" ind1="3" ind2=" ">
    <subfield code="a">El objetivo del presente estudio es analizar y establecer la relación entre la experiencia de participación de jugadores de rugby con discapacidad intelectual en el Mixed Ability Rugby San Juan (Argentina) y un estilo de vida saludable. Por medio de una investigación cualitativa con un diseño fenomenológico, se usó la técnica de grupo focal con la participación de diecisiete jugadores con discapacidad intelectual y con una edad promedio de 21 años de edad. Para el análisis de los datos se recurrió a la estrategia de la inspección analítica y se utilizó el software Atlas.Ti 6.2. Los resultados evidenciaron que las relaciones interpersonales y la disciplina deportiva (valores, encuentros deportivos) fueron los temas prevalentes en el discurso de los jugadores. La tercera categoría más prevalente fue la de COVID-19, especialmente en lo significado como pérdida debido a la pandemia. Se concluye que la participación de los jóvenes en el equipo Los Dinos, como juego cooperativo con énfasis en lo social, favorece su inclusión social, impactando positivamente en el bienestar y la salud integral de los jugadores.</subfield>
  </datafield>
  <datafield tag="506" ind1="0" ind2=" ">
    <subfield code="a">Access copy available to the general public</subfield>
    <subfield code="f">Unrestricted</subfield>
  </datafield>
  <datafield tag="540" ind1=" " ind2=" ">
    <subfield code="9">info:eu-repo/semantics/openAccess</subfield>
    <subfield code="a">by-nc-nd</subfield>
    <subfield code="u">https://creativecommons.org/licenses/by-nc-nd/4.0/deed.es</subfield>
  </datafield>
  <datafield tag="655" ind1=" " ind2="4">
    <subfield code="a">info:eu-repo/semantics/article</subfield>
    <subfield code="v">info:eu-repo/semantics/publishedVersion</subfield>
  </datafield>
  <datafield tag="773" ind1=" " ind2=" ">
    <subfield code="g">23, 1 (2023), 142-158</subfield>
    <subfield code="p">Inf. psicol.</subfield>
    <subfield code="t">Informes psicológicos</subfield>
    <subfield code="x">2145-3535</subfield>
  </datafield>
  <datafield tag="856" ind1="4" ind2=" ">
    <subfield code="s">309662</subfield>
    <subfield code="u">http://zaguan.unizar.es/record/165928/files/texto_completo.pdf</subfield>
    <subfield code="y">Versión publicada</subfield>
  </datafield>
  <datafield tag="856" ind1="4" ind2=" ">
    <subfield code="s">1210162</subfield>
    <subfield code="u">http://zaguan.unizar.es/record/165928/files/texto_completo.jpg?subformat=icon</subfield>
    <subfield code="x">icon</subfield>
    <subfield code="y">Versión publicada</subfield>
  </datafield>
  <datafield tag="909" ind1="C" ind2="O">
    <subfield code="o">oai:zaguan.unizar.es:165928</subfield>
    <subfield code="p">articulos</subfield>
    <subfield code="p">driver</subfield>
  </datafield>
  <datafield tag="951" ind1=" " ind2=" ">
    <subfield code="a">2026-01-15-21:56:47</subfield>
  </datafield>
  <datafield tag="980" ind1=" " ind2=" ">
    <subfield code="a">ARTICLE</subfield>
  </datafield>
</record>
</collection>